01376naa a2200229 i 45000010005000000030009000050050017000140080039000310400021000700800016000911000164001072450106002715000021003775200260003986500014006586550030006727110100007027730279008029420013010819990015010949520037011091563KOSZ 00520180418113934.0150624s2001 pl f |100 0 pol cBPKdKOSZ 005/EG a352/353.0711 aPOLAK, Bogusław.d2000 - 2003.bPolitechnika Koszalińska - Wydział Ekonomii i Zarządzania,cKatedra Nauk Humanistycznych i Stosunków Międzynarodowych10aWojewództwo środkowopomorskie. Konflikt polityki z oczekiwaniami społecznymi /cBogusław Polak. aDane z autopsji. aOd wprowadzenia reformy administracyjnej dokonało się zasadnicze przewartościowanie dążeń o utworzenie województwa środkowopomorskiego: z rąk polityków inicjatywa przenosi się coraz bardziej na obszar oddolnych inicjatyw społecznych. 0aPolityka. 0aMateriały konferencyjne.22aKonferencja Naukowa nt. Integracja i rozwój Pomorza Środkowegod(2001 ;cKoszalin, Polska).0 iW :tIntegracja i rozwój Pomorza Środkowego : materiały na konferencję naukową, Koszalin 19 luty 2001 / [red. Andrzej Suszyński, Stanisław Bartoszewski, Leszek Brożek]. -dKoszalin : Polskie Towarzystwo Ekonomiczne. Oddział : Wydaw. WEiZ PK, 2001. -gs. 15-26 cROZ2UKD c1563d1563 00104070aBPKbBPKo91932yROZ